000 00813cab a2200265 4500
001 ABS51572
008 090401t1994 xxu||||| |||| 00| 0 eng d
035 _a(Sirsi) u33789
041 _aeng
100 _aWeyland, T.
245 _aProfessional indemnity and the surveyor
260 _c1994
350 _a0
490 _aEstates Gazette
_v(9442) 22 October 1994, 146-147(2)
520 _aAdvises the practitioner on how to moderate the effects of rising professional indemnity insurance premiums.
650 _aCOVER
650 _aNEGLIGENCE
650 _aPROFESSIONAL INDEMNITY INSURANCE
650 _aPROFESSIONAL INDEMNITY INSURANCE
650 _aVALUERS
690 _aINSURANCE
_96249
690 _aMANAGEMENT-BUSINESS MANAGEMENT-PROFESSIONAL PRACTICE
942 _n0
948 _c04/03/1997
999 _c22500
_d22500